00747nam a2200169 i 450000100060000000300090000600500170001500700030003200800410003510000320007624501820010826000520029030000210034249000900036383000900045385200340054334402ES-MaACL20230906154928.0t|030207s1961 sp ||||1| spa d1 aBlanco Trías, Fedérico.10aContribución de las ciencias económicas y financieras a la solución del problema de la vivienda b: conferencia / cpor el académico numerario Fedérico Blanco Trías. aBarcelona : b[s.n., c1961] (fImp. Clarasó) a40 p. ; c25 cm.1 aPublicaciones de la Real Academia de Ciencias Económicas y Financieras de Barcelona0 aPublicaciones de la Real Academia de Ciencias Económicas y Financieras de Barcelona aES-MaACLj2025-F-10 bR.48709